The Design Necessity: (Record no. 13596)

MARC details
000 -CABECERA
campo de control de longitud fija 00791nam a22002297a 4500
003 - IDENTIFICADOR DEL NÚMERO DE CONTROL
campo de control OSt
005 - FECHA Y HORA DE LA ÚLTIMA TRANSACCIÓN
campo de control 20260530115316.0
008 - DATOS DE LONGITUD FIJA--INFORMACIÓN GENERAL
campo de control de longitud fija 260506b1973 |||a|||| |||| 00| 0 eng d
020 ## - NÚMERO INTERNACIONAL ESTÁNDAR DEL LIBRO
Número Internacional Estándar del Libro 0262530260
040 ## - FUENTE DE LA CATALOGACIÓN
Centro catalogador/agencia de origen ICI
Lengua de catalogación spa
Centro/agencia transcriptor ICI
Normas de descripción rda
050 ## - SIGNATURA TOPOGRÁFICA DE LA BIBLIOTECA DEL CONGRESO
Número de clasificación NK1505
Número de documento/Ítem P37
100 ## - ENTRADA PRINCIPAL--NOMBRE DE PERSONA
Nombre de persona Chemayeff , Ivan
Término indicativo de función/relación autor
9 (RLIN) 33707
245 ## - MENCIÓN DE TÍTULO
Título The Design Necessity:
Resto del título A Casebook of Federally Initiated Projects in Visual Communications, Interiors and Industrial Design, Architecture, Landscaped Environment
Mención de responsabilidad, etc. Ivan Chemayeff [entre otro]
250 ## - MENCIÓN DE EDICIÓN
Mención de edición Primera edición
264 ## - PRODUCCIÓN, PUBLICACIÓN, DISTRIBUCIÓN, FABRICACIÓN Y COPYRIGHT
Producción, publicación, distribución, fabricación y copyright Londre
Nombre del de productor, editor, distribuidor, fabricante MIT Press
Fecha de producción, publicación, distribución, fabricación o copyright 1973
300 ## - DESCRIPCIÓN FÍSICA
Extensión 80 páginas
336 ## - TIPO DE CONTENIDO
Fuente rdacontent
Término de tipo de contenido texto
337 ## - TIPO DE MEDIO
Fuente rdamedia
Nombre/término del tipo de medio sin medio
338 ## - TIPO DE SOPORTE
Fuente rdacarrier
Nombre/término del tipo de soporte volumen
650 ## - PUNTO DE ACCESO ADICIONAL DE MATERIA--TÉRMINO DE MATERIA
Término de materia o nombre geográfico como elemento de entrada Diseño industrial
Subdivisión general Estudios de caso
9 (RLIN) 33708
942 ## - ELEMENTOS DE PUNTO DE ACCESO ADICIONAL (KOHA)
Fuente del sistema de clasificación o colocación Dewey Decimal Classification
Suprimir en OPAC 1
Tipo de ítem Koha

No items available.